| 000 | 01049nam a2200325Ia 4500 | ||
|---|---|---|---|
| 001 | dia_1205 | ||
| 003 | CHAP | ||
| 005 | 20230608141814.0 | ||
| 008 | 220117s1999 xx 000 0 und d | ||
| 010 | _a176663 | ||
| 020 | _a970-15-0222-1 | ||
| 040 | _cCHAP | ||
| 082 | _a624.1821 M33 1999 | ||
| 100 |
_aMcCormac, Jack C. _973423 |
||
| 245 |
_aDiseño de estructuras metalicas : método ASD / _c Jack C. McCormac ; traducción José de la Cera Alonso |
||
| 250 | _a4a ed. | ||
| 260 |
_aMéxico : _b Alfaomega, _c1999 |
||
| 300 | _axiv, 740 p. | ||
| 500 | _aTítulo original: Structural steel design: ASD method | ||
| 590 | _aTA684 M33 1999 | ||
| 650 |
_aAcero de construcción _9156146 |
||
| 650 |
_aBuilding, Iron and steel _9159288 |
||
| 650 |
_aConstrucciones metálicas _9156147 |
||
| 650 |
_aSteel, Structural _9159289 |
||
| 700 |
_aCera Alonso, José de la, tr. _9147041 |
||
| 901 | _a624.1821 M33 1999 | ||
| 902 | _aA | ||
| 905 | _a5232271999 mx aimn8222223322spa16 | ||
| 942 |
_cLIBRO _2ddc |
||
| 999 |
_c176663 _d176663 |
||